Top 10 IMIONA dla syna, którego się nie kocha - Statystyki

Ogólne statystyki
  • Ten quiz został rozwiązany 9 razy
  • Średni wynik to 1 z 10
Statystyki odpowiedzi
Odpowiedź % Poprawnych
Mateusz
71%
Jarosław
14%
Mściwój
14%
Zbigniew
14%
Abbadon
0%
Czcibór
0%
Joanna
0%
Megatron
0%
Mszczuj
0%
Piołun
0%
Nie znaleziono quizów pasujących do podanych kryteriów
Rozkład punktacji
Procent ludzi z każdym wynikiem
Percentyl według liczby udzielonych odpowiedzi
Twoja historia wyników
Nie rozwiązałeś tego quizu